| 000 | 00733nam a2200217 a 4500 | ||
|---|---|---|---|
| 005 | 20200104041529.0 | ||
| 008 | 140304b2000 ne abd |r|||| 00| 0 eng d | ||
| 040 |
_aCO-BoIAVH _cCO-BoIAVH |
||
| 041 | 0 | _aeng | |
| 082 | 0 | 4 |
_a631.452 _bG98p |
| 100 | 1 | _aGutiérrez, Julio César | |
| 245 | 1 | 4 |
_aThe physical and economic impact of soil erosion crop production _ba case study on olive trees in Antequera Spain / _cpor Julio César Gutiérrez |
| 260 |
_aEnschede : _bITC, _c2000. |
||
| 300 |
_a88 páginas : _bilustraciones, mapas, tablas ; _c29 x 21 cm. |
||
| 650 | 4 | _aImpacto ambiental | |
| 650 | 6 | _aErosión | |
| 650 | 6 | _aSuelos | |
| 650 | 6 | _aAgricultura | |
| 662 | _aEspaña | ||
| 942 |
_cLIBRO _2ddc |
||
| 999 |
_c2189 _d2189 |
||